000 00615nam a2200181Ia 4500
008 100920s9999 xx 000 0 und d
082 _b94767
_a28 व 891,43 न 05
100 _aसिंघवी मनीष.
245 _aबाल महाभारत.
260 _bराजस्थानी ग्रंथागार जोधपुर.
_c2005
300 _a88
_bसाधी
365 _b75
520 _aबा.वि.हिंदी.
630 _aबाल महाभारत.
650 _aबा.वि.हिंदी.
730 _aबाल महाभारत.
942 _cBOOK
999 _c735209
_d735206